00405nam a2200133Ia 4500008004100000020001800041040004900059041000800108245005100116260004600167300001700213500002200230710001900252130821s2012 ck gr spa  a9789586539852 cnuevodAldemar Mondragón (modificó)bspa00aspa00aDel ejercicio de la abogacíacLegis Editores aBogotá (Colombia)bLegis Editoresc2012 a40 páginas aIncluye índice.2 aLegis Editores